00566cam a22001572 4500001001100000005001700011008004100028040001500069100003200084245014300116250001300259260004100272300001800313502004500331650003200376000002498620151217161558.0140410s xx 000 0 eng d aKABUcKABU1 aGachoka, Janet.@000018282710aEffects of strategies used in enhancing the competitiveness of tour and travel industry :ba case of Nakuru Municipality /cJanet Gachoka. a1st ed. aNakuru :bKabarak University,c2012. ax, 49 leaves. aThesis (MBA) - Kabarak University, 2012. 0aTourismzKenya.@0000149686